Online
Catalog

Clic institucional. (Record no. 36792)

MARC details
000 -CABECERA
campo de control de longitud fija 00578nas a2200193 a 4500
001 - NÚMERO DE CONTROL
campo de control 000037302
003 - IDENTIFICADOR DEL NÚMERO DE CONTROL
campo de control DLC
005 - FECHA Y HORA DE LA ÚLTIMA TRANSACCIÓN
campo de control 20230519124859.0
008 - DATOS DE LONGITUD FIJA--INFORMACIÓN GENERAL
campo de control de longitud fija 120322c20119999dr br1p d 0 0spa d
040 ## - FUENTE DE LA CATALOGACIÓN
Centro catalogador/agencia de origen DO-SdBNP
040 ## - FUENTE DE LA CATALOGACIÓN
Centro catalogador/agencia de origen DO-SdBNP
Lengua de catalogación spa
Centro/agencia transcriptor BNPHU
245 00 - MENCIÓN DE TÍTULO
Título Clic institucional.
260 ## - PUBLICACIÓN, DISTRIBUCIÓN, ETC.
Lugar de publicación, distribución, etc. Santo Domingo :
Nombre del editor, distribuidor, etc. INAPA,
Fecha de publicación, distribución, etc. 2011.
300 ## - DESCRIPCIÓN FÍSICA
Extensión v. :
Otras características físicas il. ;
Dimensiones 33 cm.
310 ## - PERIODICIDAD ACTUAL
Periodicidad actual Bimestral
362 1# - FECHAS DE PUBLICACIÓN Y/O DESIGNACIÓN SECUENCIAL
Fecha de publicación y/o designación secuencial Marzo -abril 2011
500 ## - NOTA GENERAL
Nota general Catalogación basada en : Marzo -abril 2011
710 2# - PUNTO DE ACCESO ADICIONAL--NOMBRE DE ENTIDAD CORPORATIVA
Nombre de entidad corporativa o nombre de jurisdicción como elemento de entrada Instituto Nacional de Aguas Potables y Alcantarillados (República Dominicana)
9 (RLIN) 63752

No items available.

Powered by Koha